What's in a Name? #2 - Statistics

General Stats
  • This quiz has been taken 9,152 times
  • The average score is 10 of 21
Answer Stats
Answer % Correct
Prima {Donna}
93%
Oopsy {Daisy}
79%
For {Pete}'s Sake
73%
{Willy}-nilly
72%
Negative {Nancy}
64%
Great {Scott}!
61%
Dapper {Dan}
59%
{Johnny} Come Lately
58%
{Lily}-livered
50%
Round {Robin}
46%
{Molly}coddle
45%
Steady {Eddie}
43%
{Teddy} Bear
33%
{Tommy} Gun
32%
{Jack} Squat
31%
Spinning {Jenny}
27%
{Ginger} Snap
26%
{Bobby} Socks
25%
{Jay}walk
23%
{Mickey} Finn
19%
{Billy} Club
17%
No matching quizzes found
Score Distribution
Percent of People with Each Score
Percentile by Number Answered
Your Score History
You have not taken this quiz